000
00402nam a2200145Ia 4500
008
100204s9999 xx 000 0 und d
082
_b
11466
100
_a
कदम बा.
245
_a
स्विकार
260
_b
"शशीदीप प्रकाशन , पुणे"
_c
1987
300
_a
335
630
_a
स्विकार
730
_a
स्विकार
942
_c
BOOK
999
_c
455902
_d
455899